000 00691nam a2200265Ia 4500
001 5978
005 20240113233857.0
007 ta
008 050623s1970 a g b000 u hin u
020 _cPB
040 _aCotton College,Assam
041 _ahin
082 _a891.433
_bBo 64 Ja
100 _aBondopadhya, Tarasankar.
245 0 _aJalsaghar /
_cTarasankar Bondopadhya.
_hTextual Documents
250 _a1st ed. /
260 _aDelhi :
_bBharatiyu Jnanpith ,
_c1970.
300 _a159p. :
_bill. ;
_c18cm .
653 _aHindi short stories
653 _aShort Stories-Hindi
653 _aGen-Hindi
942 _2ddc
_cBK
999 _c5965
_d5965